000 00773cab a22001935a 4500
001 L154904
008 310112e20120127xxkd f 000 0 eng d
035 _a(Sirsi) u154904
041 0 _aeng
100 1 _aFordham, Peter
245 0 0 _aMarket forecast
_bthat sinking feeling
260 _c2012
490 0 _aBuilding
_v277(8712) 27 January 2012, 47-49(3)
520 _aConstruction output looks set to fall by 5% in 2012 as new work dries up and the UK, like the rest of Europe, slips back into recession. Executive summary, trends and forecast, hot topic: infrastructure, construction output and new orders, and building cost index. Davis Langdon Index Series.
590 _aKA
651 4 _aUnited Kingdom
_y
690 _aConstruction management
_96230
942 _n0
999 _c83746
_d83746